Medieval Mercenaries

Titel: Medieval Mercenaries : The Business of War
Verfasser:
Veröffentlicht: London ˜[u.a.]œ : Greenhill Books ˜[u.a.]œ, 2006
Umfang: 304 S. : Abb.
Format: Buch
Sprache: Englisch
RVK-Notation:
Schlagworte:
ISBN: 9781853676970 ; 1853676977
Buchumschlag
X
alg: 39534542
001A    $01999:12-11-16 
001B    $06055:27-02-26 $t17:34:59.000 
001D    $01999:12-11-16 
001U    $0utf8 
001X    $00 
002@    $0Aax 
003@    $0395345421 
004A    $A978-1-85367-697-0 
004A    $01-85367-697-7 
007A    $0395345421 $aHEB 
007T    $0Herdc0029917m 
010@    $aeng 
011@    $a2006 
021A    $aMedieval Mercenaries $dThe Business of War 
028A    $#Urban, William $D20220215 $Ecgwrk $71089651147 $8Urban, William L.$Z1939- [Tp3] $9374978905 
033A    $pLondon {[u.a.] $nGreenhill Books {[u.a.] 
034D    $a304 S. 
034M    $aAbb. 
037A    $aChapter 8: The Crusades in the Baltic (159-198) 
044K    $RSoldat $RPrivates Militärunternehmen $#Mercenary troops $#Mercenaires $#Milizie mercenarie $#Mercenari $#Mercenarios $#Söldner $#Söldner $#Solddienst $D20251120 $Ecgmnf $74055364-4 $8Söldner [Ts1] $9085154083 
044K    $#Abendland $#Okzident $D20251120 $Ecgmnf $74015701-5 $8Europa [Tgz] $908503617X 
045F    $a900.94790902 $eDDC23BSB 
045F/01 $a900 
045F/03 $f0902 
045F/03 $g479 
045F/03 $g4382 
045F/03 $g43832 
045F/03 $g4796 
045Z    $D20251120 $Ecgmnf $8NM 1500 [Tkv] $9410892610 
045Z    $D20251120 $Ecgmnf $8NK 7010 [Tkv] $9410891231 

lok: 39534542 78

exp: 39534542 78 1 #EPN
201B/01 $018-11-16 $t14:34:19.000 
201U/01 $0utf8 
203@/01 $0791731537 
208@/01 $a12-11-16 $be 
209A/01 $a/ $f000 $x00 
220C/01 $aTitelaufnehmer: nk;an 
220C/01 $aHerkunft: HI Marburg 
244Z/01 $2Trx $#Prusy Wschodnie i Zachodnie $8--Trx--Ost- und Westpreußen $x01 $939113373X 
244Z/01 $2Trx $#Baltijos šalys $#kraje bałtyckie $#Baltikum $8--Trx--Baltische Länder $x02 $9391352903 
244Z/01 $2Trx $#Latvija $#Lettland $#Łotwa $#Lotyšsko $8--Trx--Latvija $x03 $9391275879 
244Z/01 $aGeschichte 500-1500 $x04 
244Z/01 $2Trx $#palgasõdurid $#samdomi kareiviai $#mercenaries $#zsoldosok $#najemnicy $#žoldnieri $#žoldnéři $8--Trx--Söldner $x05 $9391361430 
244Z/01 $2Trx $#ristiretked 14. saj. $#kryžiuočių puolimai XIV a. $#Baltic Crusade 14th cent. $#keresztes hadjárat az óporoszok ellen XIV. század $#rejzy krzyżackie i wyprawy na Litwę XII-XIV w. $#Preußenreise 14. stol. $#Preußenreise 14. stol. $#Kreuzzüge $#Litauerfahrten $#Litauerreise $#wyprawy na Litwę $8--Trx--Preußen- und Litauerreisen$g12.-14. Jh. $x06 $9391370111 
244Z/01 $2Trx $#ordud Saksa Ordu $#ordinas kryžiuočių $#order Teutonic Knights $#rendek Német Lovagrend $#zakony, krzyżacy $#rád, nemeckí rytieri $#řád, němečtí rytíři $#Deutscher Orden $#Ritterorden $#zakon krzyżacki $#zakon niemiecki $#nemeckí rytieri $8--Trx--Orden$gDeutscher Orden $x07 $9391363204 
244Z/01 $2Trx $#Grunwald, lahing 1410 $#Žalgirio mūšis 1410 $#Grunwald, Battle of 1410 $#tannenbergi csata 1410 $#bitwa pod Grunwaldem 1410 $#bitka pri Grunwalde 1410 $#bitva u Grunwaldu 1410 $#Grunwald, Schlacht bei 1410 $#Tannenberg, Battle of 1410 $#grunvaldi csata 1410 $#Grunwald, bitwa pod 1410 $#Grunwald, bitka pri 1410 $8--Trx--Tannenberg, Schlacht bei$g1410 $x08 $9391361732 
244Z/01 $2Trx $8--Trx--Monographie $x09 $9391384546 
245Z/01 $a06.02 $x01 
247C/01 $82080>Marburg/Lahn, Herder-Institut, Forschungsbibliothek, Bibliographieportal $9336309341
LEADER 00000cam a22000002c 4500
001 395345421
003 DE-603
005 20260227173459.0
007 tu
008 161112s2006 xx |||| | u00||u|eng c
020 |a 9781853676970 
020 |a 1853676977 
035 |a (DE-599)HEB395345421 
040 |a DE-603  |b ger  |c DE-603  |d DE-603 
041 |a eng 
082 0 4 |8 1\u  |a 900.94790902  |q DE-101  |2 23/BSB 
084 |a NM 1500  |0 (DE-625)126292:  |0 (DE-603)410892610  |2 rvk 
084 |a NK 7010  |0 (DE-625)126154:  |0 (DE-603)410891231  |2 rvk 
085 |8 1\u  |b 900 
085 |8 1\u  |z 1  |s 0902 
085 |8 1\u  |z 2  |s 479 
085 |8 1\u  |z 2  |s 4382 
085 |8 1\u  |z 2  |s 43832 
085 |8 1\u  |z 2  |s 4796 
100 1 |a Urban, William L.  |d 1939-  |0 (DE-603)374978905  |0 (DE-588)1089651147  |2 gnd 
245 0 0 |a Medieval Mercenaries  |b The Business of War 
264 1 |a London ˜[u.a.]œ  |b Greenhill Books ˜[u.a.]œ  |c 2006 
300 |a 304 S.  |b Abb. 
500 |a Chapter 8: The Crusades in the Baltic (159-198) 
650 7 |a Söldner  |0 (DE-588)4055364-4  |0 (DE-603)085154083  |2 gnd 
651 7 |a Europa  |0 (DE-588)4015701-5  |0 (DE-603)08503617X  |2 gnd 
924 0 |9 2080  |a (DE-603)791731537  |b DE-2080  |c HES  |d d  |g /